000 01080cam a22003257a 4500
003 CHAP
005 20220329132943.0
008 971013s1990 r 00010 d
010 _a627
011 _a1599
035 _a775
040 _cCHAP
090 _aFolleto 9185 (1990)
100 0 0 _aSavín Vázquez, Consuelo.
_9102792
245 0 _aProcesos celulares
250 _a2 ed.
260 _aMéxico, D. F. :
_bTrillas,
_c1990
300 _a94 p.
_b: ilus.
490 3 _aEl universo de la biología. Serie morfofisiología. Area conceptual
590 _aBATCH-UPD
_b10
_c20130110
_lUCH01
_h1847
590 _aBATCH-UPD
_b10
_c20130410
_lUCH01
_h1217
590 _aBATCH-UPD
_b10
_c20130914
_lUCH01
_h0942
590 _aCONVERSION
_b10
_c20130109
_lUCH01
_h1302
650 1 4 _aCitología.
_923489
830 3 _aEl universo de la biología. Serie morfofisiología. Area conceptual
_936167
901 _aBK
942 _cFOLL
949 _aFolleto 9185 (1990)
_bBC
_cFOLL
_d-10234
_eTS1
_gI. c/e
_i775
_si
_t9.00
949 _aFolleto 9185 (1990)
_bBC
_cFOLL
_d-68121
_eTS2
_fc.2
_i775
_si
_t9.00
999 _c627
_d627